1449 1829 1560 1668 1495 1011 1866 1609 1843 1525 1104 1409 1239 1599 1754 1381 1055 1244 1644 1920 1606 1219 1049 1541 1335 1620 1138 1406 1732 1564 1950 1689 1155 1621 1846 1938 1471 1924 1985 1413 1532 1759 1061 1048 1169 1280 1558 1124 1903 1512 1286 1200 1606 1278 1589 1911 1725 1792 1835 1581 1452 1122 1829 1723 1992 1480 1684 1034 1805 1881 1004 1515 1461 1517 1146 1298 1958 1609 1667 1518 1565 1936 1679 1539 1283 1878 1211 1018 1699 1968 1632 1445 1687 1375 1385 1012 1892 1199 1919 BCNSPRNW ULIB Ver.6.0+V

เปลี่ยนเป็นภาษาไทย

Change to English
 แสดงรายละเอียดบรรณานุกรม
  กลับหน้าหลัก

Brief Record : Get Marc (ISO 2709) : E-mail record : QR code < ปิดหน้าต่าง
LEADER : 00000nam 2200000uu 4500
001    13399111992
003     ULIB
008    110714s||||||||th 000 0 tha d
020    9786167123615
090    นว.^bว358ล
100 0   วสันต์ จันทรา
245 00 เล่ห์รักรอยเหมันต์/^cวสันต์ จันทรา
250     พิมพ์ครั้งที่ 1
260     กรุงเทพฯ :^bกรีนมายด์,^cม.ป.ป.
300     336 หน้า
945    ^p249^l0^i028035
995    เกษร
999     ^aใช้งานได้ทุกระบบ
รายการนี้ยังไม่มีแท็ก
คุณยังไม่ได้ล็อกอิน คุณสามารถมีกิจกรรมร่วมกับเว็บไซต์ได้ แต่ต้องล็อกอินก่อน ::
  ล็อกอิน

รายการสื่อสารสนเทศ

ลำดับที่ ประเภท เลขเรียก/บาร์โค้ด สถานที่ สถานะ
1. นวนิยาย
นวนิยาย
นว. ว358ล  
  Barcode: 028035
ห้องสมุดวิทยาเขตสวรรค์ประชารักษ์
►นวนิยาย
บนชั้น
  ขอยืม

BibComment


ยังไม่เคยถูกคอมเมนท์

คอมเมนท์ทรัพยากรรายการนี้
  คอมเมนท์: เล่ห์รักรอยเหมันต..


 Copyright 2026. Bcnsprnw @Library